000 01977nam a22005057i 4500
001 8pcvl74b62b37827
003 LIBRIS
005 20230508133933.0
008 220209s2021 xxu|||||||||||000 0|eng|c
020 _a9780367625740
_q(pbk)
040 _aBtj
_bswe
_ei
_erda
_clibris
041 _aeng
082 0 4 _a615.85163
_223/swe
084 _aVlbdb
_2kssb/8
245 1 0 _aTransformational journaling for coaches, therapists, and clients :
_ba complete guide to the benefits of personal writing /
_cedited by Lynda Monk & Eric Maisel.
264 1 _aNew York, N.Y.
_bRoutledge,
_c2021
300 _a332 sidor
336 _atext
_btxt
_2rdacontent
337 _aunmediated
_bn
_2rdamedia
338 _avolume
_bnc
_2rdacarrier
650 7 _aAktivitetsterapi
_0https://id.kb.se/term/sao/Aktivitetsterapi
_2sao
650 7 _aNarrativ terapi
_0https://id.kb.se/term/sao/Narrativ%20terapi
_2sao
650 7 _aDagböcker
_0https://id.kb.se/term/sao/Dagb%C3%B6cker
_2sao
650 0 _aDiaries
650 0 _aNarrative therapy
700 1 _aMonk, Lynda
_4edt
700 1 _aMaisel, Eric
_4edt
887 _a{"@id":"8pcvl74b62b37827","modified":"2022-02-09T08:12:52.364+01:00"}
_2librisxl
887 _a{"@id":"s7wd4wrmqf4c3p95","modified":"2022-02-09T08:14:16.74+01:00"}
_2librisxl
887 _a{"@id":"0f9nz4hpxkpnrwb4","modified":"2022-04-01T16:17:04.433+02:00"}
_2librisxl
942 _2z
_cBOOK
999 _c59374
_d59374